| 000 | 01405cam a22003734a 4500 | ||
|---|---|---|---|
| 001 | 13495642 | ||
| 003 | ARRUPE | ||
| 005 | 20150915123413.0 | ||
| 008 | 040220s2005 njua b 011 0 eng | ||
| 010 | _a 2004042516 | ||
| 020 | _a0805850279 (acidfree paper) | ||
| 040 |
_aDLC _cDLC _dDLC |
||
| 042 | _apcc | ||
| 050 | 0 | 0 |
_aP118 _b.B495 2004 |
| 082 | 0 | 0 |
_a401/.93 _222 |
| 100 |
_aBates, Elizabeth, _919841 |
||
| 245 | 0 | 0 |
_aBeyond nature-nurture : _bessays in honor of Elizabeth Bates / _cedited by Michael Tomasello, Dan Isaac Slobin. |
| 260 |
_aMahwah, N.J. : _bLawrence Erlbaum Associates, Publishers, _c2005. |
||
| 300 |
_ail, 339 p. : _bill. ; _c24 cm. |
||
| 504 | _aIncludes bibliographical references and indexes. | ||
| 600 | 1 | 0 |
_aBates, Elizabeth, _d-2003. _919842 |
| 650 | 0 |
_aLanguage acquisition. _919843 |
|
| 650 | 0 |
_aPsycholinguistics. _919844 |
|
| 650 | 0 |
_aNature and nurture. _99108 |
|
| 650 | 0 |
_aCognition and culture. _914408 |
|
| 650 | 0 |
_aLanguage and culture. _919845 |
|
| 650 | 0 |
_aCommunication and culture. _912213 |
|
| 700 | 1 |
_aBates, Elizabeth, _d-2003. _919842 |
|
| 700 | 1 |
_aTomasello, Michael. _914514 |
|
| 700 | 1 |
_aSlobin, Dan Isaac, _d1939- _919846 |
|
| 906 |
_a7 _bcbc _corignew _d1 _eocip _f20 _gy-gencatlg |
||
| 942 |
_2lcc _cMONOGRAPH |
||
| 999 |
_c123406 _d123406 |
||